ბათუმის შოთა რუსთაველის სახელმწიფო უნივერსიტეტის ბიბლიოთეკა

Избирательная система как правовой ин-ут / (ბიბ.ჩანაწერი № 36019)

000 -LEADER
fixed length control field 00783nam a2200229Ia 4500
001 - CONTROL NUMBER
control field 1918
003 - CONTROL NUMBER IDENTIFIER
control field GE_BSU
005 - DATE AND TIME OF LATEST TRANSACTION
control field 20221011104342.0
008 - FIXED-LENGTH DATA ELEMENTS--GENERAL INFORMATION
fixed length control field 181216s2005ru xx |||||||||||||| ||rus||
010 ## - LIBRARY OF CONGRESS CONTROL NUMBER
LC control number 5964500358
040 ## - CATALOGING SOURCE
Transcribing agency GE_BSU
041 ## - LANGUAGE CODE
Language code of text/sound track or separate title rus
080 ## - UNIVERSAL DECIMAL CLASSIFICATION NUMBER
Universal Decimal Classification number 342.8(075.8) Б-43
100 ## - MAIN ENTRY--PERSONAL NAME
Personal name Белов, С.Ф.
9 (RLIN) 15221
245 ## - TITLE STATEMENT
Title Избирательная система как правовой ин-ут /
Statement of responsibility, etc. С.Ф. Белов.
264 ## - PRODUCTION, PUBLICATION, DISTRIBUTION, MANUFACTURE, AND COPYRIGHT NOTICE
Place of production, publication, distribution, manufacture СПБ :
Name of producer, publisher, distributor, manufacturer Дом Санкт-Петербургский гос- ун-т,
Date of production, publication, distribution, manufacture, or copyright notice 2005.
300 ## - PHYSICAL DESCRIPTION
Extent 120 с.:
Other physical details 21 см.
653 ## - INDEX TERM--UNCONTROLLED
keyword Избирательная система как правовой
653 ## - INDEX TERM--UNCONTROLLED
keyword საარჩევნო სისტემა
653 ## - INDEX TERM--UNCONTROLLED
keyword სამართალი
942 ## - ADDED ENTRY ELEMENTS (KOHA)
Koha item type წიგნი
Source of classification or shelving scheme
ეგზემპლარები
Withdrawn status Lost status Source of classification or shelving scheme Damaged status Not for loan Permanent Location Current Location Shelving location Date acquired Cost, normal purchase price Full call number Barcode Date last seen Copy number Price effective from Koha item type Public note
          ბათუმის შოთა რუსთაველის სახელმწიფო უნივერსიტეტის მთავარი ბიბლიოთეკა ბათუმის შოთა რუსთაველის სახელმწიფო უნივერსიტეტის მთავარი ბიბლიოთეკა წიგნსაცავი 2018-12-17 7.00 342.8(075.8) Б-43 3938 2018-12-17 3938 2018-12-17 წიგნი 7.00